Usted puede ser creativo: nuevas recomendaciones para innovar en las empresas
Saved in:
| Main Author: | |
|---|---|
| Format: | Book |
| Language: | Spanish |
| Published: |
Buenos Aires
Escuela de Innovadores de Buenos Aires
2006
|
| Edition: | 1a. ed |
| Subjects: | |
| Tags: |
Add Tag
No Tags, Be the first to tag this record!
|
MARC
| LEADER | 00000cam a2200000 a 4500 | ||
|---|---|---|---|
| 001 | UCD6899 | ||
| 003 | CL-VaPUC | ||
| 008 | 170303e20060000ag |||||||||||||||||spa|d | ||
| 020 | |a 9789872081423 | ||
| 082 | 0 | 4 | |a 658.83 |b KAS |2 21 |
| 100 | |a Kastika, Eduardo |e author |9 590896 | ||
| 245 | 1 | 0 | |a Usted puede ser creativo: nuevas recomendaciones para innovar en las empresas |
| 250 | |a 1a. ed | ||
| 300 | |a 166 p | ||
| 942 | |c BK | ||
| 945 | |d 20170303 17:35:00 |a dcastane | ||
| 260 | |a Buenos Aires |b Escuela de Innovadores de Buenos Aires |c 2006 | ||
| 650 | 0 | |a Marketing |9 259324 | |
| 650 | 0 | |a Creatividad |9 310816 | |
| 650 | 0 | |a Exito en los negocios |9 271740 | |
| 583 | |a last modification |c 20170303 17:35:00 |k Rodrigo Vera | ||
| 999 | |c 367076 |d 367074 | ||
| 952 | |0 0 |1 0 |3 erb |4 0 |6 658_830000000000000_KAS_2006 |7 0 |8 A |9 481759 |a BIBENE |b BIBENE |i 5329507 |o 658.83 KAS 2006 |p 5329507 |r 2025-01-15 |w 2019-11-24 |y BK |z Catalogado en:20170303 |k ICO | ||